Pak Lah : a sense of accountability :

Bibliographic Details
Main Author: ISMAIL Noor
Other Authors: Elina Noor
Format: Book
Published: Kuala Lumpur : Utusan Pub. , 2003
Subjects:

MARC

LEADER 00000cam a2200000 7i4500
001 0000002692
005 20031030.0
020 0 0 |a 9676114928 
090 0 0 |a 923.2595   |b ISM 2003 
100 0 0 |a ISMAIL Noor 
245 1 0 |a Pak Lah :   |b a sense of accountability :   |b an insight into effective stewardship   |c Ismail Noor, edited by Elina Noor 
260 0 0 |a Kuala Lumpur :   |b Utusan Pub. ,   |c 2003 
300 |a 168 p. :   |b ill. ;   |c 23 cm. 
500 0 0 |a Includes bibliography : p. 160-161 and index 
600 0 0 |a Abdullah Haji Ahmad Badawi   |f Dato' Seri 
650 0 0 |a Leadership 
650 0 0 |a Ministers   |z Malaysia   |x Biography 
650 0 0 |a Politicians   |z Malaysia   |x Biography 
651 0 0 |a Malaysia   |x Politics and government 
700 0 1 |a Elina Noor 
998 |a JPSM 
999 |a 0000004727   |b Monograph   |c Open Shelf   |e Default branch